Normal view
MARC view
Entry Corporate Name
001 - CONTROL NUMBER
- control field: 243733
003 - CONTROL NUMBER IDENTIFIER
- control field:
005 - DATE AND TIME OF LATEST TRANSACTION
- control field: 20210601204402.0
008 - FIXED-LENGTH DATA ELEMENTS
- fixed length control field: 210601|| aca||aabn | a|a d
040 ## - CATALOGING SOURCE
- Original cataloging agency:
- Transcribing agency:
110 ## - HEADING--CORPORATE NAME
- Corporate name or jurisdiction name as entry element: Communist Party of the Soviet Union Bolshevik.
- Subordinate unit: Commission of the C. C
670 ## - SOURCE DATA FOUND
- Source citation: Work cat.: (): History of the Communist Party of the Soviet Union Bolshevik :, 1941
